000
00291nam a22001337a 4500
008
170414b xxu||||| |||| 00| 0 eng d
020
_a
9780425241066
041
_a
eng
080
_a
612.39
100
_a
10
101
_a
SHM
245
_a
THE SIMPLE DIET
_c
ANDERSON, J.A
942
_2
udc
_c
BK
999
_c
10820
_d
10820